<?xml version="1.0" encoding="UTF-8"?>
<record
    xmlns:xsi="http://www.w3.org/2001/XMLSchema-instance"
    xsi:schemaLocation="http://www.loc.gov/MARC21/slim http://www.loc.gov/standards/marcxml/schema/MARC21slim.xsd"
    xmlns="http://www.loc.gov/MARC21/slim">

  <leader>00353nam a22001337a 4500</leader>
  <datafield tag="999" ind1=" " ind2=" ">
    <subfield code="c">16842</subfield>
    <subfield code="d">16842</subfield>
  </datafield>
  <controlfield tag="008">180621b        xxu||||| |||| 00| 0 eng d</controlfield>
  <datafield tag="020" ind1=" " ind2=" ">
    <subfield code="a">0324376596</subfield>
  </datafield>
  <datafield tag="100" ind1=" " ind2=" ">
    <subfield code="a">Mankiw, Gregory </subfield>
  </datafield>
  <datafield tag="245" ind1=" " ind2=" ">
    <subfield code="a">Brief Principles of Macroeconomics </subfield>
    <subfield code="c">Gregory Mankiw</subfield>
  </datafield>
  <datafield tag="250" ind1=" " ind2=" ">
    <subfield code="a">4th ed</subfield>
  </datafield>
  <datafield tag="260" ind1=" " ind2=" ">
    <subfield code="a">Australia</subfield>
    <subfield code="b">Thomson </subfield>
    <subfield code="c">2007</subfield>
  </datafield>
  <datafield tag="300" ind1=" " ind2=" ">
    <subfield code="a">xxxi, 469p.</subfield>
  </datafield>
  <datafield tag="942" ind1=" " ind2=" ">
    <subfield code="2">lcc</subfield>
    <subfield code="c">BK</subfield>
  </datafield>
  <datafield tag="952" ind1=" " ind2=" ">
    <subfield code="0">0</subfield>
    <subfield code="1">0</subfield>
    <subfield code="2">lcc</subfield>
    <subfield code="7">0</subfield>
    <subfield code="a">KABU</subfield>
    <subfield code="b">KABU</subfield>
    <subfield code="d">2018-06-21</subfield>
    <subfield code="g">3995.00</subfield>
    <subfield code="l">3</subfield>
    <subfield code="o">HB172.5 .M36 2007 c. 1</subfield>
    <subfield code="p">025251</subfield>
    <subfield code="r">2024-08-02 00:00:00</subfield>
    <subfield code="s">2020-03-11</subfield>
    <subfield code="t">c. 1</subfield>
    <subfield code="w">2018-06-21</subfield>
    <subfield code="y">BK</subfield>
  </datafield>
  <datafield tag="952" ind1=" " ind2=" ">
    <subfield code="0">0</subfield>
    <subfield code="1">0</subfield>
    <subfield code="2">lcc</subfield>
    <subfield code="7">0</subfield>
    <subfield code="a">KABU</subfield>
    <subfield code="b">KABU</subfield>
    <subfield code="d">2018-06-21</subfield>
    <subfield code="g">3995.00</subfield>
    <subfield code="l">3</subfield>
    <subfield code="o">HB172.5 .M36 2007 c. 2</subfield>
    <subfield code="p">025250</subfield>
    <subfield code="r">2024-08-02 00:00:00</subfield>
    <subfield code="s">2021-01-23</subfield>
    <subfield code="t">c. 2</subfield>
    <subfield code="w">2018-06-21</subfield>
    <subfield code="y">BK</subfield>
  </datafield>
  <datafield tag="952" ind1=" " ind2=" ">
    <subfield code="0">0</subfield>
    <subfield code="1">0</subfield>
    <subfield code="2">lcc</subfield>
    <subfield code="7">0</subfield>
    <subfield code="a">KABU</subfield>
    <subfield code="b">KABU</subfield>
    <subfield code="d">2018-08-07</subfield>
    <subfield code="g">3995.00</subfield>
    <subfield code="l">7</subfield>
    <subfield code="o">HB172.5 .M36 2007 c. 3</subfield>
    <subfield code="p">024767</subfield>
    <subfield code="r">2024-08-02 00:00:00</subfield>
    <subfield code="s">2021-03-09</subfield>
    <subfield code="t">c. 3</subfield>
    <subfield code="w">2018-08-07</subfield>
    <subfield code="y">BK</subfield>
  </datafield>
  <datafield tag="952" ind1=" " ind2=" ">
    <subfield code="0">0</subfield>
    <subfield code="1">0</subfield>
    <subfield code="2">lcc</subfield>
    <subfield code="7">0</subfield>
    <subfield code="a">KNTC</subfield>
    <subfield code="b">KNTC</subfield>
    <subfield code="d">2018-08-07</subfield>
    <subfield code="g">3995.00</subfield>
    <subfield code="l">1</subfield>
    <subfield code="o">HB172.5 .M36 2007 c. 1</subfield>
    <subfield code="p">024768</subfield>
    <subfield code="r">2022-09-30 00:00:00</subfield>
    <subfield code="s">2022-09-26</subfield>
    <subfield code="t">c. 1</subfield>
    <subfield code="w">2018-08-07</subfield>
    <subfield code="y">BK</subfield>
  </datafield>
  <datafield tag="952" ind1=" " ind2=" ">
    <subfield code="0">0</subfield>
    <subfield code="1">0</subfield>
    <subfield code="2">lcc</subfield>
    <subfield code="7">0</subfield>
    <subfield code="a">KNTC</subfield>
    <subfield code="b">KNTC</subfield>
    <subfield code="d">2018-08-07</subfield>
    <subfield code="g">3995.00</subfield>
    <subfield code="l">0</subfield>
    <subfield code="o">HB172.5 .M36 2007 c. 2</subfield>
    <subfield code="p">024769</subfield>
    <subfield code="r">2018-08-07 00:00:00</subfield>
    <subfield code="t">c. 2</subfield>
    <subfield code="w">2018-08-07</subfield>
    <subfield code="y">BK</subfield>
  </datafield>
</record>
